000 00760nam a22002417a 4500
003 MX-MxINE
005 20260601193905.0
008 260520t1994 mx a|||| |||| 00| 0 spa d
020 _a9682985218
040 _aMX-MxINE
_bspa
_cMX-MxINE
_erda
041 _aspa
050 _aQ180.M6
_bP74 1994
100 _eautor
245 _aPremio Nacional de Ciencias y Artes 1994
264 _aMéxico :
_bConsejo del Premio Nacional de Ciencias y Artes :
_bSecretaría de Educación Pública,
_c1994
300 _a101 páginas :
_bilustraciones
336 _2rdacontent
_atexto
337 _2rdamedia
_asin medio
338 _2rdacarrier
_avolumen
650 _aCiencia
_vPremios
_zMéxico
_934428
650 _aArte
_vPremios
_zMéxico
_934429
942 _2lcc
_cB
_n1
999 _c22389
_d22389